000 00940nam a22002537a 4500
001 80415
003 BD-RjUL
005 20230403100057.0
008 220922s2005 bg a|||| m||| 00| 0 eng d
035 _a(BD-RjUL)80415
040 _aBD-RjUL
_beng
_cBD-RjUL
_dBD-RjUL
041 _aeng
082 _223
_a635.21
_bHOV 2005
100 _aHossain, Sk. Amzad
_94954
245 1 0 _aVarietal improvement of potatoes through plant Biotechnology /
_cBy Sk. Amzad Hossain ;
_6Supervisor : M. Firoz Alam, Supervisor : AKM. Rafiqul Islam
260 _aRajshahi :
_bDepartment of Botany, University of Rajshahi,
_c2005
300 _a[10], 141 leaves :
_bill, ;
_c29.cm.
502 _aThesis (Ph. D.) -- Department of Botany, University of Rajshahi, 2005
504 _aReferences : Leaves 119 - 139
650 _aPotatoes
_92076
700 _aAlam, M. Firoz, Supervisor
_94955
700 _aIslam, AKM. Rafiqul, Supervisor
_94956
942 _2ddc
_cTHE
999 _c80415
_d80415